Online Catalogue and eLibrary

Purity and danger: (Record no. 279)

MARC details
000 -LEADER
fixed length control field 00539cam a22001931 4500
001 - CONTROL NUMBER
control field 8942876
005 - DATE AND TIME OF LATEST TRANSACTION
control field 20240202042747.0
008 - FIXED-LENGTH DATA ELEMENTS--GENERAL INFORMATION
fixed length control field 790421s1966 enk b 000 0 eng
020 ## - INTERNATIONAL STANDARD BOOK NUMBER
ISBN 0415066085
040 ## - CATALOGING SOURCE (பட்டியலாக்க மூலம்)
Original cataloging agency DLC
Transcribing agency ICIU
Modifying agency OCoLC
-- Uk
-- DLC
082 ## - DDC Classification
Class No. 306.
DDC Edition Number 22
Item Number - Author Mark MAR.
100 1# - MAIN ENTRY--PERSONAL NAME
Personal name Douglas, Mary,
245 10 - TITLE STATEMENT
Title Purity and danger:
Remainder of title an analysis of concepts of pollution and taboo
Statement of responsibility, etc. Mary Douglas.
260 ## - PUBLICATION, DISTRIBUTION, ETC.
Place of publication, distribution, etc. London,
Name of publisher, distributor, etc. Routledge & K. Paul,
Date of publication, distribution, etc. 1966.
300 ## - PHYSICAL DESCRIPTION
Extent (e.g. Volumes, Pages etc.) viii, 193 p.:
650 #0 - SUBJECT ADDED ENTRY--TOPICAL TERM
Topical term or geographic name entry element Taboo.
650 #0 - SUBJECT ADDED ENTRY--TOPICAL TERM
Topical term or geographic name entry element Purity, Ritual.
942 ## - Koha item type (Biblio)
Koha item type Books in Stacks (Lending)
Holdings
Lost status Damaged status Collection code Home library Current library Date acquired Full call number Accession Number Item type
    Lending WERC Library WERC Library 02/02/2024 306. MAR. 2534 Books in Stacks (Lending)

© WERC Library